000 00695nam a22002177a 4500
003 UA-OsUOA
001 65093
007 ta
008 20091112b un ||||| |||| 00| 0 ukr d
090 _a012
_bМ11
942 _cBK
040 _aUA-OsUOA
_bukr
_cUA-OsUOA
_dUA-OsUOA
245 _aМ.В.Гоголь у книжковій ілюстрації (до 200-річчя від дня народження)
_bБібліографічний покажчик
_cКовальчук Л.І.
300 _a53 с.
955 _a2
041 _aukr
080 _a012
260 _aК.
_c2009
650 7 _a01 Бібліографія і бібліографії. Каталоги
_2UDC
999 _c351132
_d351132